Loading...
| History - American History | 0 | 4 | 0 | 0 | 40 | 72 | 97.75 | 2 | 4 |
| Mythology | 0 | 3 | 0 | 0 | 30 | 108 | 112.67 | 0 | 3 |
| Social Science | 0 | 2 | 0 | 0 | 20 | 61 | 64.00 | 2 | 2 |
| History - European History | 0 | 2 | 0 | 1 | 20 | 71 | 101.50 | 1 | 2 |
| History - Other History | 0 | 2 | 0 | 0 | 20 | 113 | 115.50 | 2 | 2 |
| History - World History | 0 | 2 | 0 | 0 | 20 | 80 | 86.50 | 2 | 2 |
| Current Events | 1 | 0 | 0 | 0 | 15 | 49 | 49.00 | 0 | 1 |
| Fine Arts - Other Fine Arts | 0 | 1 | 0 | 0 | 10 | 95 | 95.00 | 0 | 1 |
| Fine Arts - Visual Fine Arts | 0 | 1 | 0 | 0 | 10 | 111 | 111.00 | 1 | 1 |
| Religion | 0 | 1 | 0 | 0 | 10 | 113 | 113.00 | 1 | 1 |
| Science - Biology | 0 | 1 | 0 | 0 | 10 | 86 | 86.00 | 0 | 1 |